Normal view
MARC view
Entry Topical Term
001 - CONTROL NUMBER
- control field: 54075
003 - CONTROL NUMBER IDENTIFIER
- control field: dpl
005 - DATE AND TIME OF LATEST TRANSACTION
- control field: 20121205123328.0
008 - FIXED-LENGTH DATA ELEMENTS
- fixed length control field: 121205|||a|||||| | ||| d
040 ## - CATALOGING SOURCE
- Original cataloging agency: dpl
- Transcribing agency: dpl
150 ## - HEADING--TOPICAL TERM
- Topical term or geographic name as entry element: Selling
670 ## - SOURCE DATA FOUND
- Source citation: Work cat.: (dpl)71751: Goldsmith, Marshall 53950, What got you here won't get you there in sales :, 2012
670 ## - SOURCE DATA FOUND
- Source citation: Work cat.: (dpl)71751: Goldsmith, Marshall 53950, What got you here won't get you there in sales :, 2012
